000 00812nam a2200265Ia 4500
001 Para_8810
003 CHAP
008 220125s2003 xx 000 0 und d
010 _a207573
040 _cCHAP
090 _aCD 9
111 _aSimposio Nacional de Parasitología Agrícola "Ing. Jorge Armando Cárdenas Morales" (29:2003:Puerto Vallarta, Jalisco)
_9106349
245 _aMemoria /
_c por Ingenieros Agrónomos Parasitólogos
260 _aPuerto Vallarta, Jalico :
_b IAP
300 _a1 CD
650 _aAgricultura
_x plagas
_xCongresos
_9164527
650 _aCultivos
_x enfermedades
_xcongresos
_9164528
901 _aCD 9
902 _aA
905 _a0000002003 0000000000 00
910 _a2003
942 _cPARA
942 _cPARA
_d1
999 _c207573
_d207573